Multiagent based supply chain management

Uloženo v:
Podrobná bibliografie
Hlavní autoři: Chaib-Draa, Brahim (Autor), Muller, Jorg P (Autor)
Médium: Kniha
Jazyk:angličtina
Vydáno: Berlín Springer 2006
Edice:Studies in Computational Intelligence, 28
Témata:
Tagy: Přidat tag
Žádné tagy, Buďte první, kdo vytvoří štítek k tomuto záznamu!

MARC

LEADER 00000nam a2200000 a 4500
001 UCI5389
003 CL-VaPUC
008 080328e20060000GW |||||||||||||||||eng|d
020 |a 9783540338758 
082 0 4 |a 658.7  |b CHA  |2 21 
100 0 |a Chaib-Draa, Brahim  |e author  |9 527731 
700 0 |a Muller, Jorg P  |e author  |9 527732 
245 1 0 |a Multiagent based supply chain management 
300 |a 450 p 
942 |c BK 
945 |d 20080328 00:00:00  |a rbrito 
260 |a Berlín  |b Springer  |c 2006 
650 7 |a CONTROL DEL INVENTARIO  |2 CL-VaPUC  |9 527733 
650 0 |a Gestión de stocks  |9 365220 
650 0 |a Stocks  |9 361023 
650 7 |a EVALUACION DE STOCKS  |2 CL-VaPUC  |9 522792 
650 0 |a Análisis del flujo del stocks  |9 527498 
650 0 |a Gestión de la producción   |9 259467 
650 7 |a INVENTARIO DE RECURSOS  |2 CL-VaPUC  |9 358962 
583 |a last modification  |c 20080328 00:00:00  |k Rodrigo Vera 
490 0 |a Studies in Computational Intelligence, 28 
999 |c 329140  |d 329138 
952 |0 0  |1 0  |4 0  |6 658_700000000000000_CHA_2006  |7 0  |8 A  |9 413480  |a BIBING  |b BIBING  |d 2019-11-22  |i 441764K  |o 658.7 CHA 2006  |p 441764K  |r 2025-01-20  |w 2019-11-22  |y BK  |k EII